000
00289nam a22001217a 4500
008
260424b |||||||| |||| 00| 0 eng d
082
_a
001347
100
_a
Panday, Janardhan Shastri
245
_a
Meghadutam
260
_a
Delhi
_b
Motilal Banarasidass
_c
2018
300
_a
127p
942
_2
ddc
999
_c
1329
_d
1329